Skip to content
VuFind
All Fields
Title
Author
Subject
Call Number
ISBN/ISSN
Tag
Find
Advanced
Permaisuri
Cite this
Print
Export Record
Export to RefWorks
Export to EndNoteWeb
Export to EndNote
Export to MARC
Permaisuri
Bibliographic Details
Format:
Book
Holdings
Description
Similar Items
Staff View
MARC
LEADER
00000cam a2200000 7i4500
001
0000008088
002
000008826
005
20000330.0
020
|a
9838952345
090
0
0
|a
F
|b
AGH
245
1
0
|a
Permaisuri
999
|a
043399
|b
BUKU
|c
PINJAMAN
|e
PERPUSTAKAAN KOMUNITI PETALING JAYA
Similar Items
Permaisuri
by: A.Ghani Abdullah
Published: (1995)
Permaisuri : raja permaisuri Agong 1 hingga 14
Permaisuri ikan
by: Badrul Risham
Published: (2009)
Merpati and Permaisuri : THE TALES OF SARAWAK MALAY
by: Abang Naruddin Zainorin , 1944-, et al.
Published: (2022)
Permaisuri Dasar Bumi
by: Badrul Risham
Published: (2009)